San Pedro Canisio de la Compañía de Jesús, Doctor de la Iglesia: tres conferencias

Spremljeno u:
Bibliografski detalji
Glavni autori: Blotzer, José (Autor), Braunsberger, Otto (Autor)
Format: Knjiga
Jezik:španjolski
Izdano: Buenos Aires Sebastián de Amorrortu 1925
Teme:
Oznake: Dodaj oznaku
Bez oznaka, Budi prvi tko označuje ovaj zapis!

MARC

LEADER 00000nam a2200000 a 4500
001 UCI4420
003 CL-VaPUC
008 080118e19250000AG |||||||||||||||||spa|d
082 0 4 |a 922.22  |b BLO  |2 21 
100 0 |a Blotzer, José  |e author  |9 526327 
700 0 |a Braunsberger, Otto  |e author  |9 526328 
245 1 0 |a San Pedro Canisio de la Compañía de Jesús, Doctor de la Iglesia: tres conferencias 
300 |a 78 p 
942 |c BK 
945 |d 20080118 00:00:00  |a rbrito 
260 |a Buenos Aires  |b Sebastián de Amorrortu  |c 1925 
500 |a Donación Padres Capuchinos 
600 0 7 |a SAN PEDRO CANISIO  |2 CL-VaPUC  |9 526329 
650 0 |a Biografías  |9 255210 
650 7 |a SANTOS  |2 CL-VaPUC  |9 313738 
650 0 |a Vida religiosa  |9 257284 
650 0 |a Fe  |9 308036 
650 7 |a CARIDAD  |2 CL-VaPUC  |9 307339 
650 0 |a Esperanza  |9 314979 
583 |a last modification  |c 20080118 00:00:00  |k Rodrigo Vera 
999 |c 328362  |d 328360 
952 |0 0  |1 0  |4 0  |6 922_220000000000000_BLO_1925  |7 0  |8 X  |9 412229  |a FDOBUD  |b FDOBUD  |d 2019-11-22  |i 4401891  |o 922.22 BLO 1925  |p 4401891  |r 2019-11-22  |w 2019-11-22  |y BK_X  |k BUD